000 00331nam a22001457a 4500
003 SGT
082 _a610
_bI17T
100 _aTATA MEMORIAL CENTER
245 _aINDELIBLE FOOD PRINTS ON THE SANDS OF TIME
250 _a1SH
260 _aINDIA
_bTATA MEMORIAL CENTER
_c2017
300 _a309
650 _aOTHER
942 _2ddc
_cBK
999 _c19616
_d19616